000 00487nam a2200169Ia 4500
008 090201s9999 xx 000 0 und d
010 _aKPL-48907
040 _bमराठी
041 _aमराठी
082 _a51059
_b48907
100 _aदेवदत्त पाटील
245 _aव्याध
_cदेवदत्त पाटील
260 _c2006
_bमधुराज
300 _a364
_bमध्यम
600 _aव्याध
942 _cBOOK
999 _c247541
_d247541